[Event "16e Open International - Réunion"]
[Site "Saint-Denis (974)"]
[Date "2014.10.22"]
[Round "5"]
[White "Caminade, Lionel"]
[Black "Collet, Marine Celine Theres"]
[Result "1-0"]
[WhiteElo "1240"]
[BlackElo "1009"]
[PlyCount "75"]
[EventDate "2014.??.??"]

1. d4 d5 2. Nf3 Bf5 3. e3 Nf6 4. Nbd2 e6 5. b3 Nc6 6. Bb2 Bd6 7. Bd3 Bxd3 8.
cxd3 O-O 9. O-O Ng4 10. h3 Nf6 11. a3 h6 12. Rc1 Nh7 13. e4 f5 14. exd5 exd5
15. Re1 Re8 16. b4 Ng5 17. Nxg5 Qxg5 18. Nf3 Qg6 19. Qb3 Rxe1+ 20. Rxe1 Re8 21.
Qxd5+ Kh8 22. b5 Ne7 23. Qxb7 c6 24. bxc6 Rb8 25. Qd7 Re8 26. Nh4 Qf7 27. Qxd6
Nd5 28. Ng6+ Kh7 29. Ne5 Qh5 30. Qxd5 f4 31. Qe4+ Kg8 32. Qxf4 Rf8 33. Qe4 Rf6
34. c7 Rc6 35. Qxc6 Qf5 36. c8=R+ Kh7 37. Qe8 Qf6 38. Qh8# 1-0

[Event "16e Open International - Réunion"]
[Site "Saint-Denis (974)"]
[Date "2014.10.22"]
[Round "5"]
[White "Cazal, Julian"]
[Black "Sandjivy, Vivien"]
[Result "0-1"]
[WhiteElo "1100"]
[BlackElo "1220"]
[PlyCount "58"]
[EventDate "2014.??.??"]

1. e4 e5 2. Nf3 Nc6 3. Nc3 Nf6 4. Bc4 Bc5 5. Na4 Nxe4 6. Nxc5 Nxc5 7. d3 d6 8.
Ng5 Be6 9. Qf3 Bxc4 10. Qxf7+ Bxf7 11. Nxf7 Kxf7 12. O-O Re8 13. Be3 e4 14. d4
Na6 15. Bf4 Nxd4 16. Rfe1 Nxc2 17. Rac1 Nxe1 18. Rxe1 Qf6 19. g3 g5 20. Bd2
Qxb2 21. h4 Qxd2 22. Re3 gxh4 23. gxh4 Rg8+ 24. Rg3 Rg7 25. h5 Rag8 26. h6
Rxg3+ 27. fxg3 Rxg3+ 28. Kf1 e3 29. a3 Qf2# 0-1

[Event "16e Open International - Réunion"]
[Site "Saint-Denis (974)"]
[Date "2014.10.22"]
[Round "5"]
[White "Atlan, Yoram"]
[Black "Laoussing, Mathis"]
[Result "1-0"]
[WhiteElo "1270"]
[BlackElo "1099"]
[PlyCount "111"]
[EventDate "2014.??.??"]

1. e4 e5 2. Nf3 Nc6 3. Bc4 Nf6 4. Ng5 d5 5. exd5 Nxd5 6. d3 Bc5 7. Qe2 O-O 8.
Qe4 g6 9. Bxd5 Qf6 10. Qh4 Bxf2+ 11. Qxf2 Qxf2+ 12. Kxf2 Nd4 13. Na3 Be6 14.
Nxe6 fxe6+ 15. Ke3 exd5 16. c3 Nf5+ 17. Ke2 Rae8 18. Rf1 Ng3+ 19. hxg3 Rxf1 20.
Kxf1 Rf8+ 21. Ke2 Re8 22. Bh6 d4 23. cxd4 exd4+ 24. Kd2 Re6 25. Re1 Rb6 26. Nc4
Ra6 27. a3 Rf6 28. Bf4 Rf5 29. Re5 Rf7 30. Re8+ Kg7 31. Be5+ Kh6 32. Bf4+ g5
33. Re6+ Kh5 34. g4+ Kxg4 35. Ne5+ Kxf4 36. Nxf7 Kf5 37. Rh6 Kg4 38. Rxh7 Kf4
39. Nd8 b6 40. Rxc7 Kg3 41. Rxa7 Kxg2 42. Rg7 Kf3 43. Rxg5 Kf4 44. Rd5 Kf3 45.
Rxd4 Kf2 46. Rb4 Kf1 47. Rxb6 Kg1 48. a4 Kf2 49. a5 Kf3 50. a6 Kf4 51. a7 Kf3
52. a8=Q+ Kf4 53. Rf6+ Kg5 54. Qc6 Kg4 55. Qg2+ Kh5 56. Rf8 1-0

[Event "16e Open International - Réunion"]
[Site "Saint-Denis (974)"]
[Date "2014.10.23"]
[Round "6.1"]
[White "Wimmer, Olivier"]
[Black "Letreguilly, Olivier"]
[Result "1-0"]
[WhiteElo "2044"]
[BlackElo "2332"]
[PlyCount "89"]
[EventDate "2014.??.??"]

1. d4 e6 2. Nf3 Nf6 3. g3 b5 4. Bg2 Bb7 5. O-O c5 6. a4 b4 7. c4 Na6 8. Bg5 Be7
9. Nbd2 Rc8 10. Re1 h6 11. Bf4 d6 12. dxc5 Nxc5 13. Nb3 Nfe4 14. Nfd2 Qc7 15.
Nxe4 Nxe4 16. Rc1 e5 17. Be3 Qb8 18. Qd3 Nf6 19. c5 d5 20. Na5 Ba8 21. Qb5+
Qxb5 22. axb5 d4 23. Bxa8 Rxa8 24. Bd2 Rb8 25. c6 Nd5 26. Nb7 Nc7 27. e3 d3 28.
f4 Nxb5 29. fxe5 O-O 30. Rc4 Rfe8 31. Rec1 Nc7 32. Rd4 Ne6 33. Rxd3 Rec8 34.
Rd7 Rc7 35. Rxc7 Nxc7 36. Rc4 Na6 37. Kf2 Rc8 38. Nd6 Rc7 39. Nb5 Rc8 40. Nxa7
Rc7 41. Nb5 Rc8 42. c7 Nc5 43. Bxb4 Nd3+ 44. Ke2 Nxb4 45. Nd6 1-0

[Event "16e Open International - Réunion"]
[Site "Saint-Denis (974)"]
[Date "2014.10.23"]
[Round "6.3"]
[White "Stahl, Clement"]
[Black "Reinhart, Emmanuel"]
[Result "1/2-1/2"]
[WhiteElo "2149"]
[BlackElo "2355"]
[PlyCount "34"]
[EventDate "2014.??.??"]

1. e4 c6 2. d4 d5 3. exd5 cxd5 4. c4 Nf6 5. Nc3 e6 6. Nf3 Bb4 7. Bd3 dxc4 8.
Bxc4 O-O 9. O-O Qc7 10. Qe2 a6 11. Bg5 Bxc3 12. Bxf6 gxf6 13. bxc3 b5 14. Bd3
Bb7 15. Rfc1 Qd6 16. Qe3 Kg7 17. Ne5 fxe5 1/2-1/2

[Event "16e Open International - Réunion"]
[Site "Saint-Denis (974)"]
[Date "2014.10.23"]
[Round "6.3"]
[White "Calmels, Nicolas"]
[Black "Mezouaghi, Miloud"]
[Result "0-1"]
[WhiteElo "1884"]
[BlackElo "2037"]
[PlyCount "84"]
[EventDate "2014.??.??"]

1. e4 c5 2. Nc3 Nc6 3. Nf3 g6 4. Bc4 Bg7 5. Ng5 e6 6. d3 Nge7 7. Qf3 f6 8. Nh3
Nd4 9. Qd1 d5 10. Bb3 b5 11. f4 c4 12. dxc4 dxc4 13. Nxb5 Nxb5 14. Qxd8+ Kxd8
15. Bxc4 Nd6 16. Bd3 Bb7 17. Nf2 f5 18. e5 Ndc8 19. O-O Nb6 20. a4 a5 21. Be3
Nbd5 22. Bc5 Rc8 23. Bd6 Nxf4 24. Bb5 Rxc2 25. Rfd1 Nfd5 26. b4 axb4 27. Bxb4
Bxe5 28. Ra3 Nc6 29. Bxc6 Rxc6 30. a5 Kc8 31. Be1 Rd8 32. Rb3 Ba6 33. g3 g5 34.
Rdb1 h6 35. Nd3 Bxd3 36. Rxd3 Nc7 37. Rdb3 Bd4+ 38. Kf1 Na6 39. Rb7 Rd7 40.
R7b5 Rc2 41. h4 gxh4 42. R5b3 h3 0-1

[Event "16e Open International - Réunion"]
[Site "Saint-Denis (974)"]
[Date "2014.10.23"]
[Round "6.4"]
[White "Roos, Louise"]
[Black "Rajaonson, Andriamahenina"]
[Result "0-1"]
[WhiteElo "1914"]
[BlackElo "1864"]
[PlyCount "75"]
[EventDate "2014.??.??"]

1. e4 c5 2. Nf3 d6 3. d4 cxd4 4. Nxd4 Nf6 5. Nc3 g6 6. Be2 Bg7 7. O-O O-O 8.
Re1 Nc6 9. Nb3 Bd7 10. Bf1 Bg4 11. f3 Be6 12. Nd5 Rc8 13. c3 Ne5 14. Bg5 Bxd5
15. exd5 h6 16. Be3 Nc4 17. Bxc4 Rxc4 18. Bxa7 b6 19. Qe2 Ra4 20. Qxe7 Qa8 21.
Bxb6 Nxd5 22. Qxd6 Ra6 23. Rad1 Nxb6 24. Nc5 Rxa2 25. Qxb6 Rb8 26. Qc7 Raxb2
27. Ra1 Qd5 28. Ne4 R2b7 29. Qf4 f5 30. Red1 Qe6 31. Nc5 Qb6 32. Qc4+ Kh7 33.
Ra6 Qc7 34. Qd5 Rb5 35. Rc6 Qe7 36. c4 Qe3+ 37. Kh1 Rb1 38. Ne6 0-1

[Event "16e Open International - Réunion"]
[Site "Saint-Denis (974)"]
[Date "2014.10.23"]
[Round "6.5"]
[White "Frelicot, Eric"]
[Black "Moret, Vincent"]
[Result "1/2-1/2"]
[WhiteElo "1841"]
[BlackElo "2175"]
[PlyCount "47"]
[EventDate "2014.??.??"]

1. c4 c5 2. Nc3 Nc6 3. g3 g6 4. Bg2 Bg7 5. Nf3 e5 6. d3 Nge7 7. O-O O-O 8. Ne1
d6 9. Nc2 Be6 10. Ne3 Qd7 11. Re1 f5 12. Ned5 h6 13. e3 Rae8 14. a3 Bf7 15. b4
Nxd5 16. Nxd5 Ne7 17. Rb1 Nxd5 18. cxd5 cxb4 19. axb4 Rc8 20. e4 g5 21. exf5
Qxf5 22. Be4 Qd7 23. Be3 Qb5 24. Qb3 1/2-1/2

[Event "16e Open International - Réunion"]
[Site "Saint-Denis (974)"]
[Date "2014.10.23"]
[Round "6.6"]
[White "Rodier, David"]
[Black "Payet, Jean-Claude"]
[Result "1/2-1/2"]
[WhiteElo "2136"]
[BlackElo "1893"]
[PlyCount "61"]
[EventDate "2014.??.??"]

1. d4 Nf6 2. Bg5 e6 3. e4 h6 4. Bxf6 Qxf6 5. Nc3 c5 6. d5 a6 7. a4 d6 8. Nf3 g6
9. Be2 e5 10. Nd2 Be7 11. O-O O-O 12. Nc4 Nd7 13. Bg4 Qg5 14. Bxd7 Bxd7 15. Kh1
f5 16. Ra3 f4 17. Rb3 f3 18. gxf3 Rab8 19. Rg1 Qh4 20. Nb6 Bh3 21. Rxg6+ Kh7
22. Rg3 Bg5 23. Ne2 Rf4 24. Ng1 Bc8 25. Nxc8 Rxc8 26. Rxb7+ Kh8 27. Qe2 Qh5 28.
Kg2 Rh4 29. h3 Bf4 30. Rg4 Rxh3 31. Nxh3 1/2-1/2

[Event "16e Open International - Réunion"]
[Site "Saint-Denis (974)"]
[Date "2014.10.23"]
[Round "6.7"]
[White "Desire, Michael"]
[Black "Stratonowitsch, Andre"]
[Result "0-1"]
[WhiteElo "1751"]
[BlackElo "2124"]
[PlyCount "29"]
[EventDate "2014.??.??"]

1. d4 f5 2. e4 fxe4 3. Nc3 Nf6 4. Bg5 Nc6 5. Bc4 e6 6. Nxe4 Be7 7. c3 Nxe4 8.
Be3 d5 9. Bd3 O-O 10. Nf3 Kh8 11. h4 e5 12. Ng5 Qe8 13. Qe2 exd4 14. cxd4 Bb4+
15. Kf1 0-1

[Event "16e Open International - Réunion"]
[Site "Saint-Denis (974)"]
[Date "2014.10.23"]
[Round "6.8"]
[White "Bah, Ismael"]
[Black "Kibria, Golam"]
[Result "0-1"]
[WhiteElo "1745"]
[BlackElo "1899"]
[PlyCount "34"]
[EventDate "2014.??.??"]

1. Nf3 d5 2. b4 c5 3. bxc5 Nc6 4. e3 Nf6 5. Be2 e5 6. Bb5 Bg4 7. h3 Bxf3 8.
Qxf3 Bxc5 9. Bb2 Bd6 10. Qg3 O-O 11. Bxc6 e4 12. Qg5 bxc6 13. Bxf6 Qxf6 14.
Qxf6 gxf6 15. O-O Rab8 16. a4 a6 17. Rc1 Rb2 0-1

[Event "16e Open International - Réunion"]
[Site "Saint-Denis (974)"]
[Date "2014.10.23"]
[Round "6.9"]
[White "Jourde, Michel"]
[Black "Andriandaza, Tombo Omar"]
[Result "1-0"]
[WhiteElo "1805"]
[BlackElo "1717"]
[PlyCount "121"]
[EventDate "2014.??.??"]

1. e4 c6 2. d4 d5 3. Nc3 dxe4 4. Nxe4 Bf5 5. Ng3 Bg6 6. Nf3 Nd7 7. h4 h6 8. Bd3
Bxd3 9. Qxd3 e6 10. Bf4 Ngf6 11. O-O-O Qa5 12. Kb1 Nd5 13. Bd2 Nb4 14. Qb3 Qb6
15. Rhe1 Be7 16. Nf5 Nd5 17. Nxg7+ Kf8 18. Qxb6 axb6 19. Nh5 b5 20. c3 Kg8 21.
g4 Kh7 22. g5 Kg6 23. Ng3 h5 24. Ng1 Bd6 25. Ne4 Be7 26. Nh3 Ra4 27. Bc1 Rha8
28. a3 Nf8 29. f4 Kf5 30. Nc5 Bxc5 31. dxc5 Ng6 32. Rd4 Rxd4 33. cxd4 Ra4 34.
b4 Ra8 35. Kb2 Rd8 36. Bd2 Rd7 37. Kc2 Ndxf4 38. Nxf4 Nxf4 39. Re5+ Kg4 40. Re4
Kxh4 41. Bxf4 Kg4 42. Be3+ Kf5 43. Rf4+ Kg6 44. Rf6+ Kg7 45. Rh6 Rd5 46. Rxh5
Rf5 47. Rh1 f6 48. gxf6+ Rxf6 49. Kd3 Kg8 50. Ke4 Rf5 51. Rh6 Kf7 52. Rh7+ Ke8
53. Rxb7 Rh5 54. Ra7 e5 55. dxe5 Kd8 56. Ra6 Kc7 57. e6 Kb8 58. Rb6+ Kc7 59.
Bf4+ Kd8 60. Bd6 Rh4+ 61. Kf5 1-0

[Event "16e Open International - Réunion"]
[Site "Saint-Denis (974)"]
[Date "2014.10.23"]
[Round "6.11"]
[White "Cochard, Franck-Olivier"]
[Black "Vitry, Patrick"]
[Result "0-1"]
[WhiteElo "1655"]
[BlackElo "1733"]
[PlyCount "146"]
[EventDate "2014.??.??"]

1. Nf3 d6 2. d4 g6 3. Bg5 Bg7 4. e4 Nf6 5. Nbd2 O-O 6. Bd3 Nbd7 7. O-O c5 8. c3
Re8 9. a4 Qc7 10. Nc4 d5 11. exd5 Nxd5 12. dxc5 N7f6 13. Ne3 Qxc5 14. Qb3 Qb6
15. Bc4 Qxb3 16. Bxb3 Nxe3 17. Bxe3 Bf5 18. Bd4 Be4 19. Ng5 Bd5 20. c4 Bc6 21.
Rfd1 h6 22. Nf3 Bxf3 23. gxf3 Red8 24. Bc3 Nd7 25. Bxg7 Kxg7 26. Rd5 Nb6 27.
Rxd8 Rxd8 28. a5 Nc8 29. Rd1 Rxd1+ 30. Bxd1 b6 31. axb6 axb6 32. Kf1 Nd6 33. b3
Kf6 34. Ke2 Ke5 35. Kd3 Nf5 36. Bc2 Nh4 37. Ke3 Ng2+ 38. Kd2 Kd4 39. Be4 f5 40.
Bd5 Nf4 41. Bf7 g5 42. Be8 Nd3 43. Bg6 e6 44. Bf7 Nf4 45. Bg8 Kc5 46. Kc3 e5
47. b4+ Kd6 48. Bh7 Ne2+ 49. Kd3 Nd4 50. h3 f4 51. Be4 Ne6 52. Bd5 Nd4 53. Ke4
Nc2 54. b5 Nd4 55. Ba8 Ke6 56. Bd5+ Kf6 57. Kd3 Nb3 58. Kc3 Nc5 59. Be4 h5 60.
Bd5 Kf5 61. Be4+ Nxe4+ 62. fxe4+ Ke6 63. f3 Kd6 64. Kd3 Kc5 65. Kc3 Kd6 66. Kd3
Kc5 67. Kc3 h4 68. Kb3 g4 69. hxg4 h3 70. g5 h2 71. g6 h1=Q 72. g7 Qxf3+ 73.
Kb2 Qg2+ 0-1

[Event "16e Open International - Réunion"]
[Site "Saint-Denis (974)"]
[Date "2014.10.23"]
[Round "6.12"]
[White "Francou, Yvon"]
[Black "Fontaine, Cedric"]
[Result "0-1"]
[WhiteElo "1670"]
[BlackElo "1642"]
[PlyCount "124"]
[EventDate "2014.??.??"]

1. e4 c5 2. Nc3 e6 3. g3 a6 4. Bg2 Nc6 5. d3 Nf6 6. Nf3 d6 7. O-O Bd7 8. Re1 e5
9. Ne2 Qc8 10. c3 Be7 11. Qc2 Bh3 12. Kh1 Nd7 13. d4 h5 14. dxe5 dxe5 15. Be3
h4 16. a3 hxg3 17. fxg3 Nf6 18. c4 Qg4 19. Ng5 Qc8 20. Nc3 Ng4 21. Nf3 Nxe3 22.
Rxe3 Nd4 23. Qd1 Bg4 24. Nd5 Bg5 25. Rd3 Qd8 26. Qa4+ Bd7 27. Qd1 Bg4 28. Qa4+
b5 29. cxb5 Bxf3 30. b6+ Kf8 31. Bxf3 f6 32. Rad1 Rb8 33. Nc7 Qc8 34. Qa5 Nxf3
35. Rxf3 Qh3 36. Qxc5+ Kf7 37. Rf2 Bf4 38. Rd3 Rbd8 39. Qc4+ Kg6 40. Ne6 Rxd3
41. Qxd3 Qxe6 42. gxf4 Qxb6 43. f5+ Kh7 44. Kg2 Rd8 45. Qc4 Rd4 46. Qe6 Qb7 47.
Kg1 Qxe4 48. Qb3 Qc6 49. Qh3+ Kg8 50. Qb3+ Kh7 51. Qh3+ Kg8 52. Qb3+ Kf8 53.
Qb8+ Ke7 54. Qg8 Qc1+ 55. Kg2 Qg5+ 56. Kf1 Rd1+ 57. Ke2 Qd2+ 58. Kf3 Qd3+ 59.
Kg2 Qe4+ 60. Rf3 Qg4+ 61. Kf2 Qg1+ 62. Ke2 Qf1+ 0-1

[Event "16e Open International - Réunion"]
[Site "Saint-Denis (974)"]
[Date "2014.10.23"]
[Round "6.13"]
[White "Collet, Jean Daniel"]
[Black "Gallet, Hadrien"]
[Result "1-0"]
[WhiteElo "1399"]
[BlackElo "1614"]
[PlyCount "73"]
[EventDate "2014.??.??"]

1. e4 e5 2. Nf3 Nc6 3. Bc4 Bc5 4. d3 Nge7 5. Be3 Bb6 6. a3 d6 7. Nc3 O-O 8. Na4
Bg4 9. Nxb6 axb6 10. h3 Bh5 11. g4 Bg6 12. h4 h5 13. Qd2 Qd7 14. g5 Na5 15. Ba2
c5 16. b4 Nac6 17. c3 Rxa3 18. Ke2 Rfa8 19. Qb2 Kh8 20. Be6 Rxa1 21. Bxd7 Rxh1
22. Bc1 c4 23. Ke3 cxd3 24. Kxd3 Rd8 25. Bxc6 Nxc6 26. Ke3 Rh3 27. b5 Na5 28.
Qb4 d5 29. Ke2 Bxe4 30. Nxe5 Re8 31. f3 Bxf3+ 32. Kf2 Rxe5 33. Be3 Nc4 34. Qf8+
Kh7 35. Qxf7 Rh2+ 36. Kg3 Rg2+ 37. Kxf3 1-0

[Event "16e Open International - Réunion"]
[Site "Saint-Denis (974)"]
[Date "2014.10.23"]
[Round "6.14"]
[White "Triton, Maxime"]
[Black "Rajaobelina, Hery"]
[Result "1/2-1/2"]
[WhiteElo "1450"]
[BlackElo "1887"]
[PlyCount "78"]
[EventDate "2014.??.??"]

1. e4 c5 2. Nc3 e6 3. f4 d6 4. Nf3 Nc6 5. Be2 Qc7 6. O-O Nf6 7. d3 Be7 8. Qe1
Bd7 9. Bd2 O-O-O 10. a4 a6 11. Be3 Ng4 12. Bf2 Nxf2 13. Qxf2 h6 14. d4 cxd4 15.
Nxd4 Nxd4 16. Qxd4 Bf6 17. Qb4 Bxc3 18. bxc3 Qc5+ 19. Qxc5+ dxc5 20. Rfb1 Bc6
21. Bf3 Rd2 22. Rb2 f5 23. e5 Bxf3 24. gxf3 Rhd8 25. Rab1 Rd1+ 26. Rxd1 Rxd1+
27. Kg2 Rd2+ 28. Kg3 g5 29. Rb6 gxf4+ 30. Kxf4 Kd7 31. a5 Rxc2 32. Rxb7+ Kd8
33. Rb6 Kd7 34. Rxa6 Rxc3 35. Rd6+ Ke7 36. a6 Ra3 37. Rb6 Kd7 38. Rd6+ Ke7 39.
Rb6 Kd7 1/2-1/2

[Event "16e Open International - Réunion"]
[Site "Saint-Denis (974)"]
[Date "2014.10.23"]
[Round "6.15"]
[White "Goorsahye, Antoine"]
[Black "Labrande, Theodore"]
[Result "1-0"]
[WhiteElo "1726"]
[BlackElo "1471"]
[PlyCount "87"]
[EventDate "2014.??.??"]

1. e4 e5 2. Nf3 Nc6 3. Bb5 a6 4. Ba4 Nf6 5. O-O Be7 6. Re1 b5 7. Bb3 d6 8. c3
Bb7 9. d4 Qd7 10. Nbd2 Nd8 11. dxe5 dxe5 12. Nxe5 Qc8 13. Nef3 c5 14. e5 Nd5
15. Ne4 c4 16. Nd6+ Bxd6 17. exd6+ Ne6 18. Bc2 Qd7 19. Nd4 O-O 20. Nf5 Qc6 21.
Be4 Rae8 22. Qf3 Qc5 23. Rd1 Nef4 24. Bxf4 Nxf4 25. Ne7+ Kh8 26. Bxb7 Nd3 27.
Nf5 Re5 28. Ne3 Nxb2 29. Rd5 Rxd5 30. Qxd5 Qxd5 31. Nxd5 Rd8 32. Re1 g6 33. Re7
Kg7 34. d7 Kf8 35. Bc6 Nd3 36. Re8+ Rxe8 37. dxe8=Q+ Kg7 38. Ne3 b4 39. Bd5
bxc3 40. Qxf7+ Kh6 41. Qf8+ Kg5 42. h4+ Kh5 43. Bf3+ Kxh4 44. Qh6# 1-0

[Event "16e Open International - Réunion"]
[Site "Saint-Denis (974)"]
[Date "2014.10.23"]
[Round "6.16"]
[White "Riviere, Etienne"]
[Black "Weber, Richard"]
[Result "1-0"]
[WhiteElo "1580"]
[BlackElo "1650"]
[PlyCount "73"]
[EventDate "2014.??.??"]

1. e4 Nc6 2. d4 d5 3. e5 e6 4. Nf3 Nge7 5. Bd3 Ng6 6. Bg5 Be7 7. h4 Nb4 8. c3
Nxd3+ 9. Qxd3 h6 10. Bxe7 Qxe7 11. g3 a6 12. Nbd2 b6 13. O-O-O Bb7 14. Nf1 c5
15. Ne3 c4 16. Qd2 a5 17. Qc2 b5 18. Kd2 Bc6 19. Ke2 Rb8 20. Rhe1 Qd7 21. b3
Ne7 22. Kf1 Qd8 23. Ng2 Nf5 24. g4 Ne7 25. Nf4 g6 26. Kg2 Rb7 27. Re3 O-O 28.
Rh1 Kg7 29. Kh3 Qe8 30. Nd2 Rh8 31. Nf1 Qd7 32. Ng3 Rbb8 33. Rf1 Ba8 34. Nge2
Rbf8 35. Rg1 Nc6 36. Nh5+ gxh5 37. gxh5# 1-0

[Event "16e Open International - Réunion"]
[Site "Saint-Denis (974)"]
[Date "2014.10.23"]
[Round "6.17"]
[White "Mablouke, Ulrich"]
[Black "Labrande, Eleonore"]
[Result "1/2-1/2"]
[WhiteElo "1702"]
[BlackElo "1400"]
[PlyCount "39"]
[EventDate "2014.??.??"]

1. e4 g6 2. d4 Bg7 3. Nc3 d6 4. Bg5 a6 5. Qd2 b5 6. a3 Nd7 7. Nf3 Bb7 8. Bd3 c5
9. d5 c4 10. Be2 Qa5 11. O-O Bxc3 12. bxc3 Ngf6 13. Qd4 Qb6 14. Bxf6 exf6 15.
Qd2 Nc5 16. Qd4 Nd7 17. Qd2 Nc5 18. Qd4 Nd7 19. Qd2 Nc5 20. Qd4 1/2-1/2

[Event "16e Open International - Réunion"]
[Site "Saint-Denis (974)"]
[Date "2014.10.23"]
[Round "6.18"]
[White "Sandjivy, Jean Marc"]
[Black "Dennemont, Bruno"]
[Result "1/2-1/2"]
[WhiteElo "1366"]
[BlackElo "1620"]
[PlyCount "85"]
[EventDate "2014.??.??"]

1. c4 e5 2. Nc3 Nf6 3. e3 d5 4. d4 exd4 5. exd4 Bb4 6. Bd2 Bxc3 7. Bxc3 O-O 8.
Nf3 Re8+ 9. Be2 dxc4 10. O-O Qd5 11. Ne5 Be6 12. Bf3 Qb5 13. Re1 c6 14. h3 Nbd7
15. Ng4 Nxg4 16. Bxg4 Bxg4 17. Qxg4 Nf6 18. Qg3 Nd5 19. Rab1 Nxc3 20. bxc3
Rxe1+ 21. Rxe1 c5 22. dxc5 Qxc5 23. Re5 Qb6 24. Qf4 Qb1+ 25. Kh2 Qxa2 26. Re7
Rf8 27. Rxb7 a5 28. Rc7 a4 29. Rxc4 a3 30. Ra4 Qb2 31. Qb4 Rc8 32. Rxa3 Qxf2
33. Qb7 Qf4+ 34. Kg1 Qc1+ 35. Kh2 Qxa3 36. Qxc8+ Qf8 37. Qxf8+ Kxf8 38. Kg3 Ke7
39. Kf3 Kd6 40. Ke4 g6 41. Kd4 f6 42. c4 Kc6 43. c5 1/2-1/2

[Event "16e Open International - Réunion"]
[Site "Saint-Denis (974)"]
[Date "2014.10.23"]
[Round "6.19"]
[White "Romain, Arnaud"]
[Black "Etheve, Loic"]
[Result "1-0"]
[WhiteElo "1582"]
[BlackElo "1399"]
[PlyCount "103"]
[EventDate "2014.??.??"]

1. d4 c5 2. d5 Qa5+ 3. Qd2 Qxd2+ 4. Bxd2 Nf6 5. c4 g6 6. Nc3 Bg7 7. Nf3 a6 8.
Rb1 O-O 9. e4 Ng4 10. h3 Ne5 11. Nxe5 Bxe5 12. f4 Bd4 13. Ne2 e5 14. dxe6 dxe6
15. Nxd4 cxd4 16. Bd3 Nc6 17. e5 f6 18. exf6 e5 19. O-O Rxf6 20. fxe5 Rxf1+ 21.
Rxf1 Nxe5 22. Be4 Nxc4 23. Bd5+ Kg7 24. Bxc4 Bf5 25. g4 Bc2 26. Rf7+ Kh8 27.
Rxb7 Re8 28. Kf2 Rf8+ 29. Rf7 Kg8 30. Rf3+ Kg7 31. Bh6+ Kxh6 32. Rxf8 d3 33.
Rd8 a5 34. Bxd3 Bd1 35. Bxg6 Bxg4 36. hxg4 hxg6 37. Ra8 Kg5 38. Kg3 a4 39. Rxa4
Kh6 40. Kf4 Kg7 41. Kg5 Kf7 42. Ra6 Ke7 43. Kxg6 Kf8 44. Ra7 Ke8 45. Kf6 Kd8
46. Ke6 Kc8 47. Kd6 Kb8 48. Rh7 Kc8 49. Rf7 Kb8 50. Kc6 Ka8 51. Kb6 Kb8 52.
Rf8# 1-0

[Event "16e Open International - Réunion"]
[Site "Saint-Denis (974)"]
[Date "2014.10.23"]
[Round "6.20"]
[White "Hoareau, Noe"]
[Black "Caminade, Lionel"]
[Result "1-0"]
[WhiteElo "1557"]
[BlackElo "1240"]
[PlyCount "127"]
[EventDate "2014.??.??"]

1. e4 c6 2. d4 d5 3. Nc3 dxe4 4. Nxe4 Bf5 5. Ng3 Bg6 6. Nf3 Nd7 7. Bc4 e6 8.
O-O Ngf6 9. Re1 Be7 10. Qe2 O-O 11. Bxe6 Re8 12. Bxd7 Nxd7 13. Qd1 Bf6 14.
Rxe8+ Qxe8 15. c3 b5 16. Bg5 Bxg5 17. Nxg5 h6 18. Nf3 f6 19. Qd2 Qf7 20. b3 a5
21. h3 Re8 22. Re1 Nb6 23. Rxe8+ Qxe8 24. Nh4 Qf7 25. Nxg6 Qxg6 26. Qe2 Qf7 27.
Qf3 Qd5 28. Qxd5+ cxd5 29. Kf1 Kf7 30. Nf5 b4 31. cxb4 axb4 32. Ke2 Kg6 33. g4
Nd7 34. Ne7+ Kg5 35. Nxd5 Kh4 36. Nxb4 Kxh3 37. f3 g6 38. Nd5 f5 39. gxf5 gxf5
40. Kf2 Kh4 41. a4 Kg5 42. Kg3 h5 43. f4+ Kg6 44. a5 Nb8 45. Nc7 Nc6 46. a6 Kf6
47. b4 Ke7 48. b5 Na7 49. b6 Nc8 50. b7 Nd6 51. b8=Q Ne4+ 52. Kh4 Nf6 53. Nd5+
Nxd5 54. Qe5+ Kd7 55. Qxd5+ Kc7 56. a7 Kb6 57. a8=N+ Ka7 58. Qa5+ Kb7 59. Qc7+
Kxa8 60. Qh7 Kb8 61. d5 Kc8 62. d6 Kd8 63. Qe7+ Kc8 64. Qc7# 1-0

[Event "16e Open International - Réunion"]
[Site "Saint-Denis (974)"]
[Date "2014.10.23"]
[Round "6.21"]
[White "Noel, Philippe"]
[Black "Fontaine, Willy"]
[Result "1/2-1/2"]
[WhiteElo "1297"]
[BlackElo "1456"]
[PlyCount "114"]
[EventDate "2014.??.??"]

1. e4 d6 2. Nf3 Nf6 3. Nc3 c6 4. Bc4 e6 5. d3 b5 6. Bb3 a5 7. a4 b4 8. Ne2 g6
9. Bg5 Be7 10. e5 Nfd7 11. Bxe7 Qxe7 12. O-O dxe5 13. Qd2 h6 14. Qe3 Qf6 15.
Rfd1 c5 16. Qe4 Ra7 17. Bc4 Bb7 18. Qe3 Bxf3 19. gxf3 Qg5+ 20. Qxg5 hxg5 21.
Kh1 Ke7 22. Rg1 Rh5 23. Ng3 Rh7 24. Ne4 Nb6 25. Bb5 f6 26. b3 Rc7 27. Rac1 Rc8
28. Rg2 Nd5 29. Re1 Nf4 30. Rg3 Rch8 31. Rg2 Nxg2 32. Kxg2 Rxh2+ 33. Kf1 Rh1+
34. Ke2 Rxe1+ 35. Kxe1 Rh1+ 36. Ke2 Nd7 37. Bc4 Nb6 38. Nxc5 Nxc4 39. dxc4 Rc1
40. Kd2 Rf1 41. Ke2 Rc1 42. Kd2 Rh1 43. Nb7 Rh4 44. Nxa5 Rd4+ 45. Ke2 e4 46.
Nc6+ Kd6 47. Nxd4 exf3+ 48. Kxf3 e5 49. Nb5+ Kc6 50. Kg4 e4 51. Na7+ Kb7 52.
Nb5 Kc6 53. Nd4+ Kd6 54. Nb5+ Kc6 55. Nd4+ Kd6 56. Nb5+ Kc6 57. Nd4+ Kd6
1/2-1/2

[Event "16e Open International - Réunion"]
[Site "Saint-Denis (974)"]
[Date "2014.10.23"]
[Round "6.22"]
[White "Romain, Juliane"]
[Black "Caminade, Hugo"]
[Result "1-0"]
[WhiteElo "1412"]
[BlackElo "1070"]
[PlyCount "47"]
[EventDate "2014.??.??"]

1. e4 e6 2. d4 g6 3. Nf3 Bg7 4. Bd3 h6 5. O-O Ne7 6. Re1 d6 7. e5 Nbc6 8. Bf4
d5 9. Nbd2 O-O 10. Nf1 b6 11. Qd2 Bb7 12. Bxh6 Nf5 13. Bxg7 Kxg7 14. Qf4 Rh8
15. Ng3 Nxg3 16. Qxg3 Ne7 17. Ng5 Nf5 18. Bxf5 exf5 19. e6 Rh5 20. Nxf7 Qh4 21.
Qxc7 Rg8 22. e7 Kxf7 23. e8=Q+ Kf6 24. Qee7# 1-0

[Event "16e Open International - Réunion"]
[Site "Saint-Denis (974)"]
[Date "2014.10.23"]
[Round "6.23"]
[White "Sandjivy, Vivien"]
[Black "Labrande, Emmanuel"]
[Result "0-1"]
[WhiteElo "1220"]
[BlackElo "1389"]
[PlyCount "118"]
[EventDate "2014.??.??"]

1. Nf3 g6 2. d4 Bg7 3. Nc3 d6 4. h3 a6 5. Bf4 b5 6. g3 Bb7 7. Bg2 Nd7 8. Qd2 c5
9. d5 Nb6 10. O-O-O b4 11. Ne4 Bxd5 12. Qe3 Bxb2+ 13. Kb1 Nc4 14. Qd3 Be6 15.
Nxd6+ Kf8 16. Ng5 exd6 17. Bxa8 Qf6 18. Bxd6+ Kg7 19. Nxe6+ Qxe6 20. Bxc5 Bc3
21. Bd4+ Nf6 22. Bxc3 bxc3 23. Qxc3 Rxa8 24. Rd4 Nd6 25. Rhd1 Nb5 26. Qf3 Nxd4
27. Rxd4 Qb6+ 28. Kc1 Qxd4 29. Qxa8 Qa1+ 30. Kd2 Qxa2 31. Qa7 a5 32. Qd4 a4 33.
g4 Qd5 34. Qxd5 Nxd5 35. Kc1 Nc3 36. Kb2 Nd1+ 37. Ka3 Nxf2 38. Kxa4 Nxh3 39. c4
Kf8 40. c5 Ke8 41. Kb5 Kd8 42. Kb6 f6 43. c6 h5 44. g5 Nxg5 45. e4 Nxe4 46. c7+
Kc8 47. Kc6 h4 48. Kb6 h3 49. Ka7 Kxc7 50. Ka6 h2 51. Ka5 h1=Q 52. Kb5 Qc1 53.
Kb4 Qc5+ 54. Ka4 Qb6 55. Ka3 Kc6 56. Ka2 Kc5 57. Ka1 Kc4 58. Ka2 Kc3 59. Ka1
Qb2# 0-1

[Event "16e Open International - Réunion"]
[Site "Saint-Denis (974)"]
[Date "2014.10.23"]
[Round "6.24"]
[White "Ringayen, Francinel"]
[Black "Lacouture, Alexandre"]
[Result "1-0"]
[WhiteElo "1361"]
[BlackElo "1210"]
[PlyCount "71"]
[EventDate "2014.??.??"]

1. e4 e5 2. Nf3 Nc6 3. Nc3 Bc5 4. Bc4 d6 5. d3 Bg4 6. O-O Nf6 7. h3 Bh5 8. Bg5
O-O 9. Na4 Bd4 10. c3 Bb6 11. Nxb6 axb6 12. Bd5 h6 13. Bxc6 bxc6 14. Bh4 Re8
15. Qd2 Bxf3 16. gxf3 d5 17. exd5 cxd5 18. Rfe1 c5 19. a3 Qd6 20. Bg3 b5 21. d4
e4 22. Bxd6 cxd4 23. cxd4 Rad8 24. Be5 Re6 25. fxe4 Nxe4 26. Qd3 f6 27. Bc7 Rc8
28. Rac1 Re7 29. f3 Ng5 30. Rxe7 Nxh3+ 31. Kg2 Nf4+ 32. Bxf4 Rxc1 33. Bxc1 Kf8
34. Ra7 g5 35. Qh7 Ke8 36. Qh8# 1-0